00349nam a2200133Ia 4500008004100000020001500041041001200056082001100068100001800079245005500097260003900152300000800191650001600199221030s9999 xx 000 0 und d a8177585517 aEnglish a105.23 aJ. B. Peatman 0aDesign With PIC Microcontrollerscby J. B. Peatman bPearson EdcuationaNew Delhic2008 a274 aBE Computer